[Event "Open Ricany 2oo9"]
[Site "?"]
[Date "2009.08.22"]
[Round "1.15"]
[White "Postupa ml. ,Pavel"]
[Black "Pataridis ,Janis"]
[Result "1-0"]
[WhiteElo "2131"]
[BlackElo "1919"]

1. e4 e5 2. Nf3 Nc6 3. Bb5 a6 4. Ba4 Nf6 5. O-O b5 6. Bb3 d6 7. Re1 Be7 8. c3
Na5 9. Bc2 c5 10. h3 O-O 11. d4 Qc7 12. d5 Ne8 13. Nbd2 Bd7 14. Nf1 Rc8 15. Ng3
g6 16. Bh6 Ng7 17. Nh2 Qd8 18. Qc1 b4 19. Rf1 Bb5 20. Re1 Nc4 21. a4 bxa3 22. b3
Nb6 23. c4 Bd7 24. Rxa3 Ra8 25. Qd2 Nc8 26. Rea1 Qb6 27. R3a2 Bd8 28. Rf1 Qb4
29. Qxb4 cxb4 30. Bd2 f5 31. Bxb4 f4 32. Ne2 h5 33. Rfa1 g5 34. Rxa6 Rxa6
35. Rxa6 Ne8 36. Nc1 g4 37. hxg4 hxg4 38. Nd3 Bf6 39. Bd1 g3 40. Nf1 gxf2+
41. Nxf2 Bh4 42. Bf3 Rf6 43. Nd2 Rg6 44. Kf1 Rh6 45. Ra3 Bg3 46. Ba5 Ne7 47. b4
Ng6 48. Bd8 Bh4 49. Bxh4 Rxh4 50. b5 Bc8 51. Ra8 Ne7 52. b6 Kf8 53. Rxc8 Nxc8
54. b7 Ne7 55. b8=Q Kf7 56. Nb3 Rh6 57. Na5 Nf6 58. Nc6 Nd7 59. Qd8 Nxc6
60. dxc6 1-0

[Event "Open Ricany 2oo9"]
[Site "?"]
[Date "2009.08.22"]
[Round "1.26"]
[White "Mejzr ,Jan"]
[Black "Vavrinec ,Tomas"]
[Result "0-1"]
[WhiteElo "1847"]
[BlackElo "2067"]

1. e4 e6 2. d4 d5 3. exd5 exd5 4. Nf3 Bd6 5. Bd3 Nf6 6. O-O O-O 7. Be3 Bg4
8. h3 Bh5 9. Nbd2 Nbd7 10. c3 c6 11. Qc2 Qc7 12. Ng5 Bg6 13. Bxg6 hxg6 14. Ndf3
Rfe8 15. Rfe1 Nf8 16. Bd2 Nh5 17. h4 Qd7 18. Ne5 Bxe5 19. dxe5 Qg4 20. Nf3 Ne6
21. Qd3 Re7 22. b4 Rae8 23. Be3 Nef4 24. Qf1 a6 25. a3 f6 26. exf6 gxf6 27. Rad1
Re4 28. Rd4 Ne6 29. Rd3 b5 30. Red1 Neg7 31. Nd4 Qxh4 32. Nxc6 Nf5 33. Rxd5 Nfg3
34. fxg3 Nxg3 35. Qd3 Rxe3 36. Qxg6+ Kf8 37. Rd7 Re1+ 38. Rxe1 Rxe1+ 39. Kf2
Ne4+ 40. Kf3 Qf2+ 41. Kg4 Qxg2+ 42. Kf5 Rf1+ 43. Ke6 Qxg6 0-1

[Event "Open Ricany 2oo9"]
[Site "?"]
[Date "2009.08.22"]
[Round "1.25"]
[White "Skacel ,Jan"]
[Black "Skokan ,Frantisek"]
[Result "0-1"]
[WhiteElo "2070"]
[BlackElo "1854"]

1. d4 Nf6 2. c4 e6 3. Nc3 Bb4 4. e3 Ne4 5. Qc2 f5 6. Nf3 b6 7. Be2 Bb7 8. O-O
Nf6 9. Nd2 O-O 10. f3 c5 11. Nb3 cxd4 12. exd4 d5 13. Bf4 Bxc3 14. bxc3 Nbd7
15. Rfe1 Rc8 16. Nd2 dxc4 17. Nxc4 Nd5 18. Qd2 Nxf4 19. Qxf4 Bd5 20. Na3 Rxc3
21. Nb5 Rc8 22. Nxa7 Ra8 23. Nb5 Rxa2 24. Rac1 Ra5 25. Bf1 Nf6 26. Rc7 Qb8
27. Rec1 Ne8 28. Qg5 Nxc7 29. Nxc7 Qd8 30. Qe3 Qd7 31. Nxd5 Rxd5 32. Bc4 Rd6
33. Re1 Re8 34. Qb3 Re7 35. h3 g6 36. d5 e5 37. Bb5 Qc7 38. Bc6 Kg7 39. Qb2 Rf6
40. Qb4 Rd6 41. Qb2 Rf6 42. Qb4 Qd6 43. Qa4 Qc5+ 44. Kh1 Rd6 45. Qa1 Kf7 46. Qa8
Qc3 47. Ra1 e4 48. fxe4 fxe4 49. Rf1+ Rf6 50. Rxf6+ Qxf6 51. Qa2 Kg7 52. Bb5 e3
53. Be2 Qe5 54. Qb3 Rf7 55. Qxb6 Rd7 56. Qb3 Rxd5 57. Bf3 Rd2 58. Qb7+ Kh6
59. Qb4 Rd4 60. Qf8+ Kg5 61. Be2 Rf4 62. Qd8+ Rf6 63. Qc8 Qf4 64. Qc5+ Rf5
65. Qe7+ Kh6 66. Bf3 Re5 0-1

[Event "Open Ricany 2oo9"]
[Site "?"]
[Date "2009.08.22"]
[Round "1.1"]
[White "Vokac ,Marek"]
[Black "Matejka ,Vladimir"]
[Result "1-0"]
[WhiteElo "2466"]
[BlackElo "1993"]

1. c4 Nf6 2. Nc3 e5 3. g3 Nc6 4. Bg2 Bc5 5. e3 d6 6. Nge2 O-O 7. O-O Bf5 8. d4
Bb6 9. a3 e4 10. h3 Re8 11. g4 Bg6 12. Ng3 Qe7 13. b4 a6 14. g5 Nd7 15. Ncxe4 f5
16. gxf6 Nxf6 17. Nxf6+ Qxf6 18. Ra2 Nd8 19. c5 Ba7 20. Rd2 c6 21. e4 a5 22. f4
Qh4 23. Qg4 Qxg4 24. hxg4 axb4 25. axb4 Bb8 26. e5 dxe5 27. dxe5 Ra4 28. Rfd1
Ne6 29. f5 Bxe5 30. Ne4 Rxb4 31. fxg6 Bd4+ 32. Kh1 Bxc5 33. Nxc5 Nxc5 34. Rd8
1-0

[Event "Open Ricany 2oo9"]
[Site "?"]
[Date "2009.08.23"]
[Round "2.6"]
[White "Hosticka ,Frantisek"]
[Black "Pavlicek ,Petr"]
[Result "1/2-1/2"]
[WhiteElo "2185"]
[BlackElo "2036"]

1. e4 c5 2. Nf3 d6 3. Bb5+ Bd7 4. Bxd7+ Qxd7 5. O-O Nc6 6. c3 Nf6 7. Qe2 e6
8. d4 cxd4 9. cxd4 d5 10. e5 Ne4 11. Be3 Be7 12. Ne1 f5 13. f3 Ng5 14. Nd3 Nf7
15. Nd2 O-O 16. Rac1 b6 17. f4 Rac8 18. Nf3 1/2-1/2

[Event "Open Ricany 2oo9"]
[Site "?"]
[Date "2009.08.23"]
[Round "2.34"]
[White "Eisner ,Oldrich"]
[Black "Vanecek ,Stanislav"]
[Result "1/2-1/2"]
[WhiteElo "1828"]
[BlackElo "1976"]

1. d4 Nf6 2. Nf3 d6 3. c4 g6 4. g3 Bg7 5. Bg2 O-O 6. Nc3 c6 7. O-O Nbd7 8. e4
e5 9. h3 Qe7 10. Re1 Re8 11. Be3 Qf8 1/2-1/2

[Event "Open Ricany 2oo9"]
[Site "?"]
[Date "2009.08.23"]
[Round "2.23"]
[White "Feierfeil ,Jiri"]
[Black "Skala ,Jaromir"]
[Result "1/2-1/2"]
[WhiteElo "1885"]
[BlackElo "2065"]

1. d4 Nf6 2. c4 e5 3. dxe5 Ng4 4. Nf3 Bc5 5. e3 Nc6 6. Nc3 Ngxe5 7. Nxe5 Nxe5
8. Be2 O-O 9. O-O d6 10. Na4 Bb6 11. Nxb6 axb6 12. b3 Qh4 13. Bb2 Be6 14. Qd4
Qxd4 15. exd4 Ng6 16. d5 Bf5 17. g4 Bd7 18. f4 f5 19. g5 Rfe8 20. Bh5 Re4
21. Bxg6 hxg6 1/2-1/2

[Event "Open Ricany 2oo9"]
[Site "?"]
[Date "2009.08.23"]
[Round "2.11"]
[White "Schmalz ,Michal"]
[Black "Postupa ml., Pavel "]
[Result "1/2-1/2"]
[WhiteElo "1996"]
[BlackElo "2131"]

1. e4 c5 2. Nf3 d6 3. Bb5+ Bd7 4. Bxd7+ Nxd7 5. c4 g6 6. Nc3 Bg7 7. d4 cxd4
8. Nxd4 Ngf6 9. O-O O-O 10. Be3 Rc8 11. b3 a6 12. a4 Re8 13. h3 Qa5 14. Rc1 Nc5
15. f3 Ncd7 16. Qd2 Qb4 17. Nce2 Qxd2 18. Bxd2 1/2-1/2

[Event "Open Ricany 2oo9"]
[Site "?"]
[Date "2009.08.23"]
[Round "2.31"]
[White "Matejka ,Vladimir"]
[Black "Mejzr ,Jan"]
[Result "1-0"]
[WhiteElo "1993"]
[BlackElo "1847"]

1. e4 e5 2. Bc4 Nf6 3. d4 Nxe4 4. dxe5 Qh4 5. Bxf7+ Kd8 6. Be3 Ng5 7. g3 Qe4
8. Qd5 Qb4+ 9. Nd2 Nxf7 10. Qxf7 Be7 11. Qxg7 Re8 12. O-O-O b6 13. Nh3 Bb7
14. Rhe1 Bd5 15. Nb3 Bxb3 16. axb3 Qa5 17. c3 Ba3 18. Kc2 Bf8 19. Qxh7 Kc8
20. Qf7 Rd8 21. e6 Bc5 22. Nf4 Bxe3 1-0

[Event "Open Ricany 2oo9"]
[Site "?"]
[Date "2009.08.23"]
[Round "2.33"]
[White "Postupa ,Martin"]
[Black "Zvara ,David"]
[Result "1-0"]
[WhiteElo "1986"]
[BlackElo "1830"]

1. e4 e5 2. Nf3 Nf6 3. Nc3 Nc6 4. Bb5 Bb4 5. d3 d6 6. h3 h6 7. O-O O-O 8. Be3
Be6 9. a3 Ba5 10. b4 Bb6 11. d4 exd4 12. Nxd4 Nxd4 13. Bxd4 d5 14. Bxb6 axb6
15. e5 Ne4 16. Ne2 Qg5 17. f4 Qg6 18. Kh2 h5 19. Bd3 f6 20. Bxe4 dxe4 21. f5
Bxf5 22. Qd5+ Kh8 23. e6 Bg4 24. Nf4 Qf5 25. hxg4 Qxd5 26. Nxd5 Rae8 27. Nf4
hxg4 28. Ng6+ Kg8 29. Nxf8 Kxf8 30. Rf4 Rxe6 31. Re1 Rc6 32. Rexe4 Rxc2 33. Rc4
Ra2 34. Rxc7 Rxa3 35. Rxg4 1-0

[Event "Open Ricany 2oo9"]
[Site "?"]
[Date "2009.08.23"]
[Round "2.17"]
[White "Kubikova ,Hana"]
[Black "Haman ,Jakub"]
[Result "1/2-1/2"]
[WhiteElo "2168"]
[BlackElo "1926"]

1. d4 Nf6 2. Nf3 e6 3. Bg5 d5 4. e3 Nbd7 5. Nbd2 Be7 6. Bd3 O-O 7. c3 Rb8
8. Qa4 c5 9. Rc1 b5 10. Qd1 b4 11. c4 Ba6 12. O-O Ne8 13. Bxe7 Qxe7 14. Qc2 Nef6
15. Ne5 Nxe5 16. dxe5 Ng4 17. Nf3 dxc4 18. Bxc4 Bb7 19. a3 Bxf3 1/2-1/2

[Event "Open Ricany 2oo9"]
[Site "?"]
[Date "2009.08.23"]
[Round "2.1"]
[White "Hulin ,Petr"]
[Black "Vokac ,Marek"]
[Result "0-1"]
[WhiteElo "2073"]
[BlackElo "2466"]

1. d4 Nf6 2. Nf3 c5 3. e3 g6 4. Nbd2 Bg7 5. c3 b6 6. Bc4 d5 7. Bd3 Bb7 8. O-O
O-O 9. b4 Nbd7 10. bxc5 bxc5 11. Rb1 Qc7 12. Bb2 Rab8 13. c4 cxd4 14. exd4 dxc4
15. Bxc4 Nb6 16. Bb3 Bd5 17. Rc1 Qb7 18. Ba3 Bh6 19. Bxd5 Nfxd5 20. Rc5 Qa6
21. Bc1 Na4 22. Ne4 Rb1 23. Bxh6 Rxd1 24. Rxd1 Nxc5 25. Nxc5 Qxa2 26. Bxf8 Kxf8
0-1

[Event "Open Ricany 2oo9"]
[Site "?"]
[Date "2009.08.23"]
[Round "2.18"]
[White "Kaiser ,Rudolf"]
[Black "Sindler ,Michal"]
[Result "1/2-1/2"]
[WhiteElo "1961"]
[BlackElo "2163"]

1. e4 c5 2. d4 cxd4 3. c3 d5 4. exd5 Qxd5 5. cxd4 Nc6 6. Nf3 e6 7. Nc3 Qa5
8. Bd2 Nf6 9. Ne4 Qd8 10. Nxf6+ Qxf6 11. Bb5 Bd6 12. O-O O-O 13. Bxc6 bxc6
14. Qc2 Ba6 15. Rfe1 Rfe8 16. Ng5 Qf5 17. Qxf5 exf5 18. Rac1 h6 19. Nf3 Bd3
20. Ne5 Be4 21. Nc4 Bf8 22. f3 Bd5 23. b3 g6 24. Re2 Bg7 25. Be3 Red8 26. Ne5
Rac8 1/2-1/2

[Event "Open Ricany 2oo9"]
[Site "?"]
[Date "2009.08.23"]
[Round "2.16"]
[White "Skokan ,Frantisek"]
[Black "Vojta ,Pavel"]
[Result "0-1"]
[WhiteElo "1854"]
[BlackElo "2173"]

1. e4 e6 2. d4 d5 3. Nc3 Nf6 4. Bg5 Be7 5. e5 Nfd7 6. Bxe7 Qxe7 7. f4 a6 8. Nf3
c5 9. Bd3 Nc6 10. dxc5 Nxc5 11. O-O Nxd3 12. cxd3 Qb4 13. Qd2 O-O 14. d4 f6
15. Rac1 fxe5 16. fxe5 Bd7 17. b3 Rf7 18. Rf2 Ne7 19. Qd3 h6 20. Rcf1 Raf8
21. Nh4 Be8 22. Rxf7 Rxf7 23. Rxf7 Bxf7 24. Kf2 g5 25. Nf3 Bh5 26. h3 Bxf3
27. gxf3 Kg7 28. Ke2 Ng6 29. Ke1 Nf4 30. Qd2 Nxh3 31. Ke2 Nf4+ 32. Ke3 h5
33. Qc1 Kh6 0-1

[Event "Open Ricany 2oo9"]
[Site "?"]
[Date "2009.08.23"]
[Round "2.2"]
[White "Kulhanek ,Tomas"]
[Black "Vavrinec ,Tomas"]
[Result "1-0"]
[WhiteElo "2444"]
[BlackElo "2067"]

1. e4 e6 2. d4 d5 3. e5 c5 4. c3 Qb6 5. Nf3 Nc6 6. a3 Nh6 7. Bd3 cxd4 8. cxd4
Nf5 9. Bxf5 exf5 10. O-O Be7 11. Nc3 Be6 12. b4 h6 13. h4 g6 14. Qd3 Qd8 15. g3
g5 16. h5 Rg8 17. Nh2 Qb6 18. Rd1 g4 19. Bf4 Bg5 20. Nb5 Kf8 21. Nd6 Ne7 22. Nf1
Rb8 23. Ra2 Qd8 24. Rc2 Qd7 25. Rdc1 Nc6 26. b5 Na5 27. Rc7 Qd8 28. Nxf7 Qe8
29. Bxg5 hxg5 30. Qd2 Nc4 31. Qb4+ 1-0

[Event "Open Ricany 2oo9"]
[Site "?"]
[Date "2009.08.23"]
[Round "2.25"]
[White "Krejci ,Martin"]
[Black "Boucek ,Vlastimil"]
[Result "0-1"]
[WhiteElo "1837"]
[BlackElo "2032"]

1. e4 Nf6 2. e5 Nd5 3. d4 d6 4. c4 Nb6 5. exd6 cxd6 6. Nc3 Bf5 7. Be3 e6 8. b3
Be7 9. Nf3 O-O 10. Be2 d5 11. c5 Nc8 12. b4 Nc6 13. a3 Bf6 14. Rc1 Bg4 15. h3
Bh5 16. O-O h6 17. Re1 N8e7 18. Qd2 Nf5 19. g4 Nxe3 20. Qxe3 Bg6 21. Bd3 Bxd3
22. Qxd3 a6 23. Na4 Qc7 24. Rcd1 Ne7 25. Nc3 Rfe8 26. Ne2 Ng6 27. Qb3 Qc8
28. Kg2 Bd8 29. Qa4 Bc7 30. Qb3 Qd8 31. Ng3 Rc8 32. a4 b6 33. Rc1 Rb8 34. cxb6
Rxb6 35. a5 Rb5 36. Rc5 Qb8 37. Rb1 Bd6 38. Rxb5 Qxb5 39. Qc3 Rb8 40. Ne5 Nxe5
41. dxe5 Bxb4 42. Qd4 Qxa5 43. Qb2 Qb6 44. Ne2 a5 0-1

[Event "Open Ricany 2oo9"]
[Site "?"]
[Date "2009.08.23"]
[Round "2.37"]
[White "Petrun ,Milan"]
[Black "Hatas ,Radim"]
[Result "1-0"]
[WhiteElo "1966"]
[BlackElo "1773"]

1. e4 Nf6 2. e5 Nd5 3. d4 d6 4. f4 Nc6 5. Nf3 g6 6. c4 Nb6 7. d5 Nb8 8. Nc3 Bg7
9. Be2 Bg4 10. Ng5 Bxe2 11. Qxe2 dxe5 12. fxe5 h6 13. Nf3 e6 14. dxe6 fxe6
15. O-O O-O 16. Be3 Nc6 17. Rad1 Qe7 18. Bf2 Rf5 19. Rfe1 Raf8 20. b3 Nxe5
21. Nxe5 Rxf2 22. Nxg6 Qg5 23. Qxe6+ Kh7 24. Nxf8+ Rxf8 25. Nd5 Kh8 26. Ne7 Kh7
27. h4 Qf4 28. Qg6+ Kh8 29. Qe4 Qf2+ 30. Kh1 Rf6 31. Rd8+ Bf8 32. h5 Qg3 1-0

[Event "Open Ricany 2oo9"]
[Site "?"]
[Date "2009.08.23"]
[Round "2.20"]
[White "Matejovsky ,Ondrej"]
[Black "Adamik ,Frantisek"]
[Result "0-1"]
[WhiteElo "2085"]
[BlackElo "1882"]

1. e4 c5 2. Nf3 d6 3. Bb5+ Nd7 4. O-O a6 5. Bxd7+ Qxd7 6. Re1 e5 7. c3 Ne7
8. d4 f6 9. Be3 Ng6 10. Nbd2 b5 11. a4 Bb7 12. axb5 axb5 13. Qb3 Rxa1 14. Rxa1
c4 15. Qc2 Be7 16. b3 d5 17. bxc4 dxe4 18. Nxe4 f5 19. Nc5 Bxc5 20. dxc5 f4
21. Rd1 Qc8 22. Bc1 Bxf3 23. gxf3 Qh3 24. Qd3 O-O 25. Qf1 Qxf3 26. Rd3 Qc6
27. cxb5 Qxb5 28. Rd5 Qb1 29. Bd2 Qf5 30. f3 Rb8 31. Kf2 Qh5 32. Qg2 Qh4+
33. Ke2 Rd8 34. Qf2 Qf6 35. Rd6 Qf5 36. c6 e4 37. fxe4 Qxe4+ 38. Kd1 f3 39. Rd4
Qxc6 40. Qf1 Rc8 41. Kc2 Qf6 42. Qh3 Rf8 43. Qf1 Qf5+ 44. Kc1 Ne5 45. Kd1 Qb1+
46. Bc1 Qb3+ 47. Kd2 f2 48. Rh4 Qa2+ 49. Ke3 Qd5 50. Rd4 Qf3+ 51. Kd2 Ng4
52. Rc4 Kh8 53. Rxg4 0-1

[Event "Open Ricany 2oo9"]
[Site "?"]
[Date "2009.08.23"]
[Round "2.39"]
[White "Skalicky ,Tomas"]
[Black "Macek ,Kamil"]
[Result "1-0"]
[WhiteElo "1607"]
[BlackElo "1940"]

1. e4 c5 2. c3 d5 3. exd5 Qxd5 4. d4 Nf6 5. Nf3 Bg4 6. Be2 e6 7. O-O Nc6 8. Be3
cxd4 9. cxd4 Be7 10. Nc3 Qd7 11. Ne5 Bxe2 12. Qxe2 Nxe5 13. dxe5 Nd5 14. Nxd5
Qxd5 15. f4 Qe4 16. Qb5+ Qc6 17. Qxc6+ bxc6 18. Rac1 Kd7 19. Bc5 Bxc5+ 20. Rxc5
Rhb8 21. Rd1+ Kc7 22. b3 Rb5 23. Rxb5 cxb5 24. Kf2 h5 25. h4 b4 26. Ke3 a5
27. Rd4 Ra7 28. Kd3 Kc6 29. Kc4 Kb6 30. Rd6+ Kc7 31. Kb5 Rb7+ 32. Kc5 Ra7
33. Rc6+ Kb7 34. Kd6 Ra8 35. Rc7+ Kb6 36. Rxf7 1-0

[Event "Open Ricany 2oo9"]
[Site "?"]
[Date "2009.08.23"]
[Round "2.19"]
[White "Skrivanek ,Jan"]
[Black "Marsalek ,Lubos"]
[Result "1/2-1/2"]
[WhiteElo "2136"]
[BlackElo "1995"]

1. e4 c5 2. Nc3 Nc6 3. g3 g6 4. Bg2 Bg7 5. Nf3 e6 6. d3 Nge7 7. Be3 Nd4 8. Qd2
O-O 9. h4 d5 10. Nh2 Nxc2+ 11. Qxc2 d4 12. Bg5 dxc3 13. bxc3 h6 14. Be3 Qa5
15. O-O Nc6 16. f4 Qxc3 17. Qxc3 Bxc3 18. Rac1 Bd4 19. Bxd4 cxd4 20. e5 Bd7
21. Ng4 Kg7 22. Nf6 Rfd8 23. Rc4 Rac8 24. Rb1 Na5 25. Rxd4 Bc6 26. Rxd8 Rxd8
27. Bxc6 Nxc6 28. Rxb7 a5 29. Kf2 Nb4 30. Ra7 Nxd3+ 31. Ke3 Nb2 32. Ke4 a4
33. Nd7 Nd1 34. Kd4 Nf2 35. a3 g5 36. h5 Nh1 37. g4 Nf2 38. f5 Nxg4 39. fxe6
fxe6 40. Ke4 Kg8 41. Nf6+ Nxf6+ 42. exf6 Rd5 43. Rxa4 Kf7 1/2-1/2

[Event "Open Ricany 2oo9"]
[Site "?"]
[Date "2009.08.23"]
[Round "2.21"]
[White "Vesecky ,Martin"]
[Black "Postupa ml.,Pavel"]
[Result "1/2-1/2"]
[WhiteElo "1946"]
[BlackElo "2137"]

1. e4 c5 2. Nf3 e6 3. d4 cxd4 4. Nxd4 Nc6 5. Be3 Nf6 6. Bd3 Qc7 7. O-O a6 8. a4
b6 9. Nc3 Bb7 10. Qe2 Bc5 11. Nb3 Bxe3 12. Qxe3 Ng4 13. Qh3 Nce5 14. f4 Nxd3
15. cxd3 h5 16. Rac1 Qd6 17. Ne2 f5 18. exf5 exf5 19. Ned4 O-O 20. Qxh5 Ne3
21. Rf2 Qd5 22. Re1 Nxg2 23. Re5 Nxf4 24. Rxd5 Nxh5 25. Rxd7 Bc8 26. Rd5 g6
27. Rc2 Nf4 28. Rd6 Rb8 29. Rcc6 Kh7 30. Nf3 Rb7 31. Ne5 Re7 32. d4 Ne2+ 33. Kf2
Nxd4 34. Nxd4 Rxe5 35. Rxg6 Rc5 36. Rxb6 Rc4 37. Nf3 Rc2+ 38. Kg3 f4+ 39. Kh4
Rf5 40. Ng5+ Kh8 41. Rh6+ Kg8 42. Rbg6+ Kf8 43. Rh8+ Ke7 44. Rg7+ Kd6 45. Rd8+
Ke5 46. Re7+ Kf6 47. Rf7+ Ke5 48. Re8+ Kd5 49. Rxc8 Rxh2+ 50. Kg4 Rxf7 51. Nxf7
Rxb2 52. Rd8+ Kc5 1/2-1/2

[Event "Open Ricany 2oo9"]
[Site "?"]
[Date "2009.08.23"]
[Round "2.30"]
[White "Macku ,Emil"]
[Black "Hrdina ,Robin"]
[Result "0-1"]
[WhiteElo "2020"]
[BlackElo "1859"]

1. e4 e5 2. Bc4 Bc5 3. Nc3 Nf6 4. Nf3 d6 5. d3 Nc6 6. Be3 Bb6 7. Qd2 h6 8. h3
Bd7 9. g4 Bxe3 10. fxe3 Na5 11. Bb3 Nxb3 12. cxb3 Bc6 13. O-O-O Qd7 14. Qf2
O-O-O 15. Nh4 Nh7 16. Rdf1 Ng5 17. Nf5 g6 18. Ng3 Rdf8 19. h4 Nh7 20. Qe2 Qe6
21. h5 Nf6 22. Qf3 Qxg4 23. hxg6 fxg6 24. Nd5 Bxd5 25. exd5 Qxf3 26. Rxf3 Ng4
27. Rhf1 Rxf3 28. Rxf3 h5 29. Ne4 h4 30. Rh3 Rh5 31. Kd2 Kd7 32. Ke2 Ke7 33. Kf3
Nf6 34. Nxf6 Kxf6 35. Kg4 Rg5+ 36. Kxh4 Rh5+ 37. Kg4 Rxh3 38. Kxh3 Kf5 39. Kh4
c6 40. dxc6 bxc6 41. b4 d5 42. Kg3 g5 43. b3 g4 44. a4 d4 45. exd4 exd4 46. b5
cxb5 47. axb5 Kg5 0-1

[Event "Open Ricany 2oo9"]
[Site "?"]
[Date "2009.08.23"]
[Round "2.40"]
[White "Havelka ,Petr"]
[Black "Ruzicka st., Vaclav "]
[Result "1-0"]
[WhiteElo "1936"]
[BlackElo "1706"]

1. d4 Nf6 2. c4 e6 3. Nc3 Bb4 4. Qc2 c5 5. e3 Nc6 6. Nf3 O-O 7. Bd3 h6 8. O-O
Bxc3 9. bxc3 cxd4 10. cxd4 Nb4 11. Qb3 Nxd3 12. Qxd3 d6 13. e4 b6 14. Ba3 e5
15. dxe5 dxe5 16. Qe3 Re8 17. Rfd1 Qc7 18. Rac1 Qc6 19. Nd2 Bb7 20. f3 Rad8
21. c5 b5 22. Nb3 Qa6 23. Bb4 Rxd1+ 24. Rxd1 Qa4 25. Qd2 Qa6 26. Na5 Ba8 27. Qe2
Bc6 28. Rd6 Rc8 29. a4 Ne8 30. Rxc6 Rxc6 31. Nxc6 Qxc6 32. axb5 Qd7 33. Qc4 Kh7
34. c6 Qc7 35. Qc5 f6 36. Kf1 Kg6 37. Qe7 Qxe7 38. Bxe7 Nc7 39. b6 axb6 40. Bd8
Ne8 41. Bxb6 Kf7 42. Ke2 Ke6 43. Bc5 f5 44. exf5+ Kxf5 45. Kd3 Ke6 46. Kc4 h5
47. Kb5 Kd5 48. Kb6 g5 49. Be7 g4 50. c7 Nxc7 51. Kxc7 gxf3 52. gxf3 e4
53. fxe4+ Kxe4 54. h4 Kf5 55. Kd6 Kg6 56. Ke6 Kh6 57. Kf6 Kh7 58. Kg5 1-0

[Event "Open Ricany 2oo9"]
[Site "?"]
[Date "2009.08.23"]
[Round "2.32"]
[White "Svitak ,David"]
[Black "Maly ,Filip"]
[Result "1-0"]
[WhiteElo "1865"]
[BlackElo "1986"]

1. e4 c5 2. Nf3 d6 3. d4 cxd4 4. Nxd4 Nf6 5. Nc3 a6 6. Bc4 e5 7. Nde2 Be7
8. Bg5 O-O 9. Bxf6 Bxf6 10. Qd3 Be6 11. O-O-O Be7 12. Nd5 Bg5+ 13. Kb1 Nd7
14. Nec3 b5 15. Bb3 Nc5 16. Qe2 Rc8 17. h4 Be7 18. Nxe7+ Qxe7 19. Nd5 Qb7 20. g4
a5 21. a3 b4 22. a4 Nxb3 23. cxb3 Rc5 24. Qd3 Rfc8 25. h5 Kf8 26. h6 f6
27. hxg7+ Qxg7 28. Ne3 Qc7 29. Qxd6+ Qxd6 30. Rxd6 Ke7 31. Rd3 h6 32. Nf5+ Bxf5
33. gxf5 Rd8 34. Rxd8 Kxd8 35. Rxh6 Rc6 36. Rh8+ Kc7 37. Ra8 Kb6 38. Re8 Kc5
39. Re6 Rxe6 40. fxe6 Kd6 41. Kc2 1-0

[Event "Open Ricany 2oo9"]
[Site "?"]
[Date "2009.08.23"]
[Round "2.9"]
[White "Drabek ,Vojtech"]
[Black "Ruzicka ml., Vaclav "]
[Result "1/2-1/2"]
[WhiteElo "2156"]
[BlackElo "2024"]

1. d4 d5 2. c4 e6 3. Nc3 Nf6 4. Nf3 c6 5. Bg5 Be7 6. Bxf6 Bxf6 7. e4 dxe4
8. Nxe4 O-O 9. Nxf6+ Qxf6 10. Bd3 Nd7 11. Qe2 e5 12. Qe4 g6 13. dxe5 Nxe5
14. Qxe5 Qxe5+ 15. Nxe5 Re8 16. f4 f6 17. Kd2 fxe5 18. Rae1 Bf5 19. Bxf5 gxf5
20. Rxe5 Rxe5 21. fxe5 Kf7 22. Re1 Ke6 23. g3 Rg8 24. Re3 Rg4 25. b3 a5 26. Ke2
a4 27. Kf3 Rd4 28. h3 Rd2 1/2-1/2

[Event "Open Ricany 2oo9"]
[Site "?"]
[Date "2009.08.23"]
[Round "2.12"]
[White "Groh ,Jiri"]
[Black "Kralovsky ,Martin"]
[Result "1-0"]
[WhiteElo "2113"]
[BlackElo "2002"]

1. c4 e5 2. g3 Nc6 3. Bg2 g6 4. Nc3 Bg7 5. d3 f5 6. Nf3 h6 7. O-O Nf6 8. b4 d6
9. b5 Ne7 10. Bb2 O-O 11. c5 Be6 12. cxd6 cxd6 13. e4 Qd7 14. exf5 Nxf5 15. Re1
Rae8 16. a4 g5 17. Ne4 g4 18. Nfd2 Nd4 19. Ba3 Nxe4 20. Nxe4 Nf3+ 21. Bxf3 gxf3
22. Re3 Bg4 23. Nxd6 e4 24. Nxe8 Rxe8 25. Rb1 Rd8 26. Rxe4 Bh5 27. Re3 Bd4
28. Re7 Qh3 29. Qf1 Qf5 30. Rbe1 Bg6 31. R1e4 1-0

[Event "Open Ricany 2oo9"]
[Site "?"]
[Date "2009.08.23"]
[Round "2.13"]
[White "Lacina ,Filip"]
[Black "Fojtu ,Jan"]
[Result "0-1"]
[WhiteElo "1995"]
[BlackElo "2093"]

1. e4 c5 2. Nf3 Nc6 3. d4 cxd4 4. Nxd4 Nf6 5. Nc3 d6 6. Bg5 a6 7. Bc4 Qa5
8. Bxf6 gxf6 9. Ne2 Rg8 10. O-O Ne5 11. Bd5 e6 12. b4 Qc7 13. Bb3 d5 14. f4 Ng4
15. Qd4 dxe4 16. Rad1 f5 17. Ba4+ b5 18. Bxb5+ axb5 19. Nxb5 Qe7 20. Qb6 Qh4
21. Nc7+ Ke7 22. h3 Rb8 23. Qd6+ Kf6 24. Qd8+ Be7 25. Qxg8 Bxb4 26. Qd8+ Be7
27. Qh8+ Kg6 28. Qg8+ Kh6 29. hxg4 fxg4 30. Qxf7 Bc5+ 31. Nd4 g3 0-1

[Event "Open Ricany 2oo9"]
[Site "?"]
[Date "2009.08.23"]
[Round "2.29"]
[White "Pospisil ,Martin"]
[Black "Skacel ,Jan"]
[Result "0-1"]
[WhiteElo "1868"]
[BlackElo "2070"]

1. d4 Nf6 2. Nf3 g6 3. Nc3 d5 4. Bf4 Bg7 5. Qd2 h6 6. h3 g5 7. Bh2 Bf5 8. e3
O-O 9. Ne5 c5 10. g4 Bh7 11. O-O-O Nc6 12. Bg2 cxd4 13. exd4 Rc8 14. Nxc6 Rxc6
15. f4 gxf4 16. Kb1 Ne4 17. Bxe4 dxe4 18. Bxf4 Qa5 19. Rhe1 Ra6 20. a3 Rb6
21. Bc7 Rxb2+ 22. Kxb2 Qxc7 23. Nxe4 Rc8 24. c3 Qb6+ 25. Ka1 Qa5 26. Qb2 Bxe4
27. Rxe4 Rxc3 28. Rxe7 Rxa3+ 29. Kb1 Qa4 30. Re8+ Bf8 31. Qxa3 Qxa3 32. Rde1 Kg7
33. R8e3 Qb4+ 34. Kc2 Qxd4 35. Re4 Qc5+ 36. Kd3 b5 37. Re5 Qc4+ 38. Ke3 Bc5+
39. Kf3 b4 40. g5 h5 41. R5e4 Qc3+ 42. Kg2 b3 0-1

[Event "Open Ricany 2oo9"]
[Site "?"]
[Date "2009.08.23"]
[Round "2.22"]
[White "Polak ,Benedikt"]
[Black "Hajek ,Jiri"]
[Result "1/2-1/2"]
[WhiteElo "2075"]
[BlackElo "1823"]

1. d4 g6 2. c4 Bg7 3. Nc3 Nf6 4. e4 d6 5. Nf3 O-O 6. Be2 Bg4 7. h3 Bxf3 8. Bxf3
Nfd7 9. O-O Nc6 10. Be3 e5 11. d5 Nd4 12. Nb5 Nxf3+ 13. Qxf3 f5 14. Rac1 f4
15. Bd2 a6 16. Nc3 a5 17. Na4 b6 18. a3 Rf7 19. Qd1 Nc5 20. Nxc5 dxc5 21. b4
axb4 22. axb4 Bf8 23. b5 Ra3 24. Ra1 Qa8 25. Qc1 Rxa1 26. Qxa1 Qxa1 27. Rxa1 Bd6
28. Ra8+ Rf8 29. Rxf8+ Bxf8 30. g3 g5 31. h4 fxg3 32. Bxg5 gxf2+ 33. Kxf2 h5
34. Bf6 Bd6 35. Kf3 1/2-1/2